<?xml version="1.0" encoding="UTF-8"?>
<record
    xmlns:xsi="http://www.w3.org/2001/XMLSchema-instance"
    xsi:schemaLocation="http://www.loc.gov/MARC21/slim http://www.loc.gov/standards/marcxml/schema/MARC21slim.xsd"
    xmlns="http://www.loc.gov/MARC21/slim">

  <leader>01896nam a2200337 i 4500</leader>
  <controlfield tag="003">DO-SdBNP</controlfield>
  <controlfield tag="005">20230418094813.0</controlfield>
  <controlfield tag="006">a|||||r|||| 00| 0 </controlfield>
  <controlfield tag="007">ta</controlfield>
  <controlfield tag="008">230417e1998    dr ao||gr|||| 00| 0cspa d</controlfield>
  <datafield tag="040" ind1=" " ind2=" ">
    <subfield code="a">DO-SdBNP</subfield>
    <subfield code="b">spa</subfield>
    <subfield code="c">BNPHU</subfield>
  </datafield>
  <datafield tag="082" ind1=" " ind2="4">
    <subfield code="2">22</subfield>
    <subfield code="b">H887p</subfield>
  </datafield>
  <datafield tag="245" ind1="0" ind2="0">
    <subfield code="a">Huellas de la pintura cubana de hoy. /</subfield>
    <subfield code="c">Texto, Marianne de Tolentino; coordinaci&#xF3;n, Rolando Leclerc; dise&#xF1;o y fotograf&#xED;a, Gianfranco Lanzetti; presentaci&#xF3;n, Fausto Brito</subfield>
  </datafield>
  <datafield tag="264" ind1=" " ind2=" ">
    <subfield code="a">Santo Domingo :</subfield>
    <subfield code="b">Fausto Art Gallery,</subfield>
    <subfield code="c">1998</subfield>
  </datafield>
  <datafield tag="300" ind1=" " ind2=" ">
    <subfield code="a">18 p&#xE1;ginas :</subfield>
    <subfield code="b">Ilustraciones ;</subfield>
    <subfield code="c">22 cm</subfield>
  </datafield>
  <datafield tag="500" ind1=" " ind2=" ">
    <subfield code="a">Incluye biograf&#xED;as.</subfield>
  </datafield>
  <datafield tag="500" ind1=" " ind2=" ">
    <subfield code="a">En la portada Pedro Roig Buenos "Polichinela". Acr&#xED;lico- 30" x 40" - 1998.</subfield>
  </datafield>
  <datafield tag="500" ind1=" " ind2=" ">
    <subfield code="a">Incluye pie de foto.</subfield>
  </datafield>
  <datafield tag="590" ind1=" " ind2=" ">
    <subfield code="a">Inventariado 2023/ MF</subfield>
  </datafield>
  <datafield tag="600" ind1="1" ind2=" ">
    <subfield code="a">Besmar Nieves, Joel,</subfield>
    <subfield code="d">1968.</subfield>
    <subfield code="t">&#xD3;leo- tela: Cazador de Sombras, Reflejos del Perenne,</subfield>
    <subfield code="x">Arte contempor&#xE1;neo.</subfield>
    <subfield code="z">Camag&#xFC;ey, Cuba.</subfield>
    <subfield code="9">83272</subfield>
  </datafield>
  <datafield tag="600" ind1="1" ind2=" ">
    <subfield code="a">Carballo, Oscar,</subfield>
    <subfield code="d">1951.</subfield>
    <subfield code="t">&#xD3;leo- tela: Sin T&#xED;tulo</subfield>
    <subfield code="x">Arte contempor&#xE1;neo.</subfield>
    <subfield code="z">Santiago de Cuba,</subfield>
    <subfield code="9">83273</subfield>
  </datafield>
  <datafield tag="600" ind1="1" ind2=" ">
    <subfield code="a">Puente Carvajal, Omar,</subfield>
    <subfield code="d">1947.</subfield>
    <subfield code="t">Acr&#xED;lica- tela: Despu&#xE9;s del Ba&#xF1;o, La Lectura.</subfield>
    <subfield code="x">Arte contempor&#xE1;neo.</subfield>
    <subfield code="z">Santiago de Cuba,</subfield>
    <subfield code="9">83274</subfield>
  </datafield>
  <datafield tag="600" ind1=" " ind2=" ">
    <subfield code="9">24690</subfield>
    <subfield code="a">Quevedo, Janet,</subfield>
    <subfield code="z">Matanzas, Rep&#xFA;blica Dominicana,</subfield>
    <subfield code="d">1974.</subfield>
    <subfield code="t">Acr&#xED;lica- tela: M&#xE1;scara para la Danza Tropical II. Danzando Ilusiones.</subfield>
    <subfield code="x">Arte contempor&#xE1;neo.</subfield>
  </datafield>
  <datafield tag="600" ind1=" " ind2=" ">
    <subfield code="a">Rodr&#xED;guez Pineda, Julio,</subfield>
    <subfield code="z">Cienfuegos, cuba,</subfield>
    <subfield code="d">1955.</subfield>
    <subfield code="t">Acr&#xED;lica- tela: siboney Heterodoxo. El Para&#xED;so Perdido.</subfield>
    <subfield code="x">Arte contempor&#xE1;neo.</subfield>
    <subfield code="9">83277</subfield>
  </datafield>
  <datafield tag="600" ind1=" " ind2=" ">
    <subfield code="a">Roig Bueno ,Pedro,</subfield>
    <subfield code="z">Santiago de Cuba.</subfield>
    <subfield code="d">1960.</subfield>
    <subfield code="t">Acr&#xED;lica- tela: Pescadores de Inocencia.</subfield>
    <subfield code="x">Arte contempor&#xE1;neo.</subfield>
    <subfield code="9">83278</subfield>
  </datafield>
  <datafield tag="700" ind1="1" ind2=" ">
    <subfield code="9">73333</subfield>
    <subfield code="a">Tolentino, Marianne de,</subfield>
    <subfield code="d">1951-</subfield>
    <subfield code="e">texto</subfield>
  </datafield>
  <datafield tag="700" ind1="1" ind2=" ">
    <subfield code="a">Leclerc, Rolando, </subfield>
    <subfield code="e">Coordinador</subfield>
    <subfield code="9">83266</subfield>
  </datafield>
  <datafield tag="700" ind1="1" ind2=" ">
    <subfield code="9">62924</subfield>
    <subfield code="a">Lanzetti, Gianfranco</subfield>
    <subfield code="e">fotograf&#xED;as</subfield>
  </datafield>
  <datafield tag="700" ind1="1" ind2=" ">
    <subfield code="a">Brito, Fausto,</subfield>
    <subfield code="e">presentaci&#xF3;n</subfield>
    <subfield code="9">83267</subfield>
  </datafield>
  <datafield tag="942" ind1=" " ind2=" ">
    <subfield code="2">ddc</subfield>
    <subfield code="c">LF2</subfield>
  </datafield>
  <datafield tag="952" ind1=" " ind2=" ">
    <subfield code="0">0</subfield>
    <subfield code="1">0</subfield>
    <subfield code="2">ddc</subfield>
    <subfield code="5">1</subfield>
    <subfield code="7">0</subfield>
    <subfield code="8">PD</subfield>
    <subfield code="a">BNPHU</subfield>
    <subfield code="b">BNPHU</subfield>
    <subfield code="c">CT</subfield>
    <subfield code="d">2018-07-17</subfield>
    <subfield code="e">Donado por CERTV</subfield>
    <subfield code="o">H887p</subfield>
    <subfield code="p">2023-1414</subfield>
    <subfield code="r">2023-04-17</subfield>
    <subfield code="w">0000-00-00</subfield>
    <subfield code="y">LF2</subfield>
  </datafield>
  <datafield tag="952" ind1=" " ind2=" ">
    <subfield code="0">0</subfield>
    <subfield code="1">0</subfield>
    <subfield code="2">ddc</subfield>
    <subfield code="5">1</subfield>
    <subfield code="7">0</subfield>
    <subfield code="8">PD</subfield>
    <subfield code="a">BNPHU</subfield>
    <subfield code="b">BNPHU</subfield>
    <subfield code="c">CT</subfield>
    <subfield code="d">2018-07-17</subfield>
    <subfield code="e">Donado por CERTV</subfield>
    <subfield code="l">0</subfield>
    <subfield code="o">H887p</subfield>
    <subfield code="p">2023-1415</subfield>
    <subfield code="r">2023-04-17</subfield>
    <subfield code="w">2023-04-17</subfield>
    <subfield code="y">LF2</subfield>
  </datafield>
  <datafield tag="999" ind1=" " ind2=" ">
    <subfield code="c">53286</subfield>
    <subfield code="d">53286</subfield>
  </datafield>
</record>
